000 00683nam a2200205 a 4500
001 000012858
005 20240530073915.0
008 091118t1973 dr 001 f spa d
040 _aDO-SdBNP
_bspa
_cBNPHU
082 _aRD863.44
_bP421m
100 1 _aPepen, Virginia
_929738
245 1 0 _aMisterios :
_bnovela /
_cVirginia Pepen vda Rodríguez ; prólogo D. L. Creales Guerrero.
260 _aSanto Domingo :
_bArte y Cine,
_c1973.
300 _a74 p. ;
_c22 cm.
590 _aInventariado, 2020 /LP
650 0 _aNovela dominicana
_9223
650 0 _aLiteratura dominicana.
_967
700 1 _aCreales Guerrero, D. L.,
_epról.
_929739
910 _aValidado. Control de calidad EMS.
999 _c12506
_d12506